Mental health: (Record no. 1018)

MARC details
000 -LEADER
fixed length control field 00643nam a2200205 a 4500
005 - DATE AND TIME OF LATEST TRANSACTION
control field 20260322212043.0
008 - FIXED-LENGTH DATA ELEMENTS--GENERAL INFORMATION
fixed length control field data
099 ## - LOCAL FREE-TEXT CALL NUMBER (OCLC)
Classification number DVD WM 140 M468
001 - CONTROL NUMBER
control field data
100 1# - MAIN ENTRY--PERSONAL NAME
Personal name Leung, Sunny
245 10 - TITLE STATEMENT
Title Mental health:
Remainder of title the basics.
Statement of responsibility, etc. Sunny Leung, Matt McClean & Alison Adriano.
260 ## - PUBLICATION, DISTRIBUTION, ETC.
Place of publication, distribution, etc. New York, NY :
Name of publisher, distributor, etc. Films for the Humanities & Sciences,
Date of publication, distribution, etc. 2012.
300 ## - PHYSICAL DESCRIPTION
Extent DVD video 1 videodisc (19 min.) : sd., col. ;
Other physical details 4 3/4 in.
500 ## - GENERAL NOTE
General note Participants: Presenter, Alison Adriano ; featuring Brian Graetz.
650 #0 - SUBJECT ADDED ENTRY--TOPICAL TERM
Topical term or geographic name entry element Mental health
650 #0 - SUBJECT ADDED ENTRY--TOPICAL TERM
Topical term or geographic name entry element Anxiety
650 #0 - SUBJECT ADDED ENTRY--TOPICAL TERM
Topical term or geographic name entry element Schizophrenia
700 1# - ADDED ENTRY--PERSONAL NAME
Personal name McClean, Matt
700 1# - ADDED ENTRY--PERSONAL NAME
Personal name Adriano, Alison
Holdings
Withdrawn status Lost status Damaged status Not for loan Home library Current library Shelving location Date acquired Total checkouts Full call number Barcode Date last seen Price effective from Koha item type
        Franklin Franklin General stacks 22/03/2026   GEN BC0011052 22/03/2026 22/03/2026 Books